| 000 | 00841cam a2200217 4500 | ||
|---|---|---|---|
| 001 | ABS64456 | ||
| 008 | 010905n2001 000 0 eng u | ||
| 035 | _a(Sirsi) u114443 | ||
| 100 | _aGilbertson, B | ||
| 245 | _aValuation or appraisal: art or science | ||
| 260 | _c2001 | ||
| 490 |
_aThe South African Valuer _v(66) June 2001, 13-14(2) |
||
| 520 | _aExamines the definition of the terms,valuation and appraisal and which word or definition best describes the work done by a valuer. Also considers how much personal experience and computer supplied information help in making a valuation and which would provide the best valuation. | ||
| 590 | _aABS | ||
| 650 | _aVALUERS | ||
| 650 | _aAPPRAISALS | ||
| 650 | _aVALUATIONS | ||
| 650 | _aVALUATION STANDARDS | ||
| 690 | _aPROPERTY-PROPERTY APPRAISAL AND VALUATION | ||
| 942 | _n0 | ||
| 999 |
_c68167 _d68167 |
||